000 00527nam a22001817a 4500
005 20170629095734.0
010 _aENG-119014
020 _c1500.00
_a9788174791702
035 _aEN-102546
037 _bDBAD/PUB
082 _a398.095454
100 _aSahu, Bhagabana
245 _aFolk life and culture of Odisha /
_cby Bhagabuna Sahu
260 _aNew Delhi
_bKaveri Books
_c2015
270 _bNew Delhi
_e110002
_a4832/24, Ansari Road
300 _a350p.
_c22cm(Hb)
942 _2ddc
_cEN
_mSAH
_h398.095454
999 _c142111
_d142111